| 000 | 00917cam a22001935a 4500 | ||
|---|---|---|---|
| 001 | L149111 | ||
| 008 | 100113e2009 xxk 000 0 eng d | ||
| 035 | _a(Sirsi) u149111 | ||
| 041 | 0 | _aeng | |
| 110 | 2 |
_aEuroProperty _91216 |
|
| 245 | 0 | 0 |
_aSurvey _bItaly |
| 260 | _c2009 | ||
| 490 | 0 |
_aEuroProperty _v2 November 2009, 21-25(5) |
|
| 520 | _aMilan's office market may suffer oversupply as tenant demand lessens as companies cut cost but foreign firms may ameliorate the situation. The outlook for Milan's retail property sector is healthier than for offices and that is also the case nationally. Rome's office market has seen little investment activity this year. Italian property funds have remained solvent as they have in general avoided over-leveraging. | ||
| 590 | _aKA | ||
| 651 | 4 |
_aItalia = Italy _y1992- |
|
| 690 | _aPROPERTY-COMMERCIAL PROPERTY-COMMERCIAL PROPERTY FINANCE AND INVESTMENT | ||
| 942 | _n0 | ||
| 999 |
_c82057 _d82057 |
||